| 000 | nam a22 7a 4500 | ||
|---|---|---|---|
| 999 |
_c18869 _d18869 |
||
| 008 | 170114b xxu||||| |||| 00| 0 eng d | ||
| 020 | _a9781308629063 | ||
| 050 | _aHG 173 .N37 2015 | ||
| 100 |
_aNaranjo, Lorenzo _d2015. |
||
| 245 |
_aFundamentals of finance/ _cLorenzo naranjo, Stuart webb |
||
| 260 |
_aU.S.A: _bMc Graw hill, _c2015. |
||
| 300 |
_av,650p.: _bill.; _c27cm. |
||
| 521 | _aIncludes index. | ||
| 650 | _aFinance. | ||
| 700 | _aWebb, Stuart | ||
| 942 |
_2lcc _cBOOKS _hHG 173 .N37 2015 |
||